| 000 | 00510nam a2200169 i 4500 | ||
|---|---|---|---|
| 001 | 72112 | ||
| 003 | ES-MaACL | ||
| 005 | 20230906171328.0 | ||
| 007 | t| | ||
| 008 | 040826s1943 sp ||||1| spa d | ||
| 100 | 1 |
_aGil Turner, Guillermo. _956885 |
|
| 245 | 1 | 0 |
_aDehiscencia de la herida laparatómica / _cG. Gil Turner. |
| 260 |
_aMadrid : _bMorata, _c1943 ( _fDiana Artes Gráficas) |
||
| 300 |
_a119 p., 10 lám. ; _c24 cm. |
||
| 650 | 4 |
_aAbdomen- _xCirugía. _9146902 |
|
| 852 |
_aES-MaACL _jE-1079 _bR.20454 |
||
| 999 |
_c72112 _d72112 |
||